000 nam a22 a 4500
999 _c4649
_d4649
003 AKMAL
005 20170726150914.0
008 170726q200u my a e | 000 0 may d
020 _a9789673220649 (kkt.) :
_cRM19.00
082 0 4 _a621.3916 YAN
_222
090 0 0 _a621.3916
_bYAN
110 2 _aYani, Ahmad
_98950
245 1 0 _aMenguasai kemahiran mempertingkatkan keupayaan komputer /
_cAhmad Yani ; [adaptasi] Mazlina Ismail ; [editor: Kamarudin Kahar]
246 1 4 _aMenguasai kemahiran mempertingkatkan keupayaan komputer =
_bMastering th skills of computer upgrading
250 _aEd. bahasa Malaysia
260 _aKuala Lumpur :
_bSynergy Media,
_c[200?]
300 _a104ms. :
_bil. wrn. ;
_c25cm.
490 1 _aSiri kemahiran diri
650 1 0 _aComputers
_xMaintenance and repair
_98951
700 0 _aMazlina Ismail
_95107
700 0 _aKamarudin Kahar
_98952
830 0 _aSiri kemahiran diri
_98953
942 _2ddc
_cBOOK
950 _lAKMAL